| 000 | 00710nam a22001577a 4500 | ||
|---|---|---|---|
| 003 | OSt | ||
| 005 | 20151020134038.0 | ||
| 008 | 151020b xxu||||| |||| 00| 0 eng d | ||
| 040 | _cRUA | ||
| 082 | _aAVM MEA 2010 B093 Or.1 | ||
| 100 |
_92501 _aMEAS, MADINA. |
||
| 245 | _aThe effect of sugar palm molasses and rice bran on the quality of para grass silage at (celagrid), សិក្សាពីឥទ្ធិពលនៃស្កររងូ និងកន្ទុកដើម្បីបង្កើនគុណភាពនៃស្មៅបារាំងផ្អាប់នៅសែសអាគ្រីត | ||
| 260 |
_aPhnom Penh _bRUA _c2010 |
||
| 300 |
_aix; 32p. _bill. _c29cm. |
||
| 942 |
_2ddc _cAVM |
||
| 999 |
_c2354 _d2354 |
||